| 000 | 00383nam a2200157Ia 4500 | ||
|---|---|---|---|
| 008 | 230917s9999||||xx |||||||||||||| ||und|| | ||
| 040 |
_e120253 _aMAIN |
||
| 041 | _aEnglish | ||
| 082 | _a658.3 M489S | ||
| 100 | _aMello, Jeffrey A | ||
| 245 | 0 | _aStrategic human resource management | |
| 250 | _a2nd ed. | ||
| 260 |
_aAustralia _bThomson _c2007 |
||
| 300 | _a694 p. | ||
| 942 | _cBK | ||
| 999 |
_c139549 _d139549 |
||